000 00511pab a2200181 454500
008 180718b2015 xxu||||| |||| 00| 0 eng d
100 _aBagil, Supravat
245 _aIntensity and inequality multifaceted deprivation of the states in India
260 _c2015
300 _ap.119-136.
362 _aDec
650 _aIncome distribution - India
650 _aPoverty - India
650 _aSocial inequality - India
650 _aSocial inequality
773 _aAsian Economic Review
909 _a110056
999 _c110051
_d110051